| 000 | 00661nam a2200229 a 4500 | ||
|---|---|---|---|
| 005 | 20230318063629.0 | ||
| 008 | 011019s2000 es r 000 0 spa d | ||
| 020 | _a8478271007 | ||
| 035 | _aUPN01000113284 | ||
| 049 | _aCG | ||
| 050 | 4 |
_aP51 _bC3.3 2000 |
|
| 100 | 1 |
_aCassany i Comas, Daniel, _d1961- _932652 |
|
| 245 | 1 | 0 |
_aEnseñar lengua / _cDaniel Cassany, Marta Luna, Gloria Sanz. |
| 250 | _a5a ed. | ||
| 260 |
_aBarcelona, Esp. : _bGraó, _c2000. |
||
| 300 | _a575 p. | ||
| 440 | 0 |
_aLengua ; _v117 |
|
| 650 | 4 |
_aLenguaje y lenguas _xEstudio y enseñanza _96150 |
|
| 700 | 1 |
_aLuna, Marta, _ecoaut. |
|
| 700 | 1 |
_aSanz, Gloria, _ecoaut. |
|
| 905 | _aLibro | ||
| 999 |
_c87192 _d87192 |
||